Statistics for List all the Dravidian Languages

Click here to take the quiz!

General Stats

  • This quiz has been taken 138 times
  • The average score is 7 of 19

Answer Stats

Native SpeakersLanguage% Correct
75 millionTamil
97%
83 millionTelugu
86%
43 millionKannada
85%
35 millionMalayalam
80%
328kBrahui
54%
13 millionGondi
50%
3 millionTulu
50%
3 millionKurukh
36%
113kKodava
34%
159kMalto
31%
941kKui
30%
128kKolami
23%
155kKuvi
17%
1.5 millionByari
16%
407kKoya
16%
365kMadiya
12%
200kPattapu
11%
140kPardhan
10%
197kBharia
9%

Score Distribution

Percentile by Number Answered

Percent of People with Each Score

Your Score History

You have not taken this quiz